000 00653nam a2200241Ia 4500
005 20260430150715.0
008 008 250103s9999 xx 000 0 eng d
037 _aTheses
040 _aCRL
040 _beng
040 _ceng
041 _2eng
041 _aeng
084 _qCRL
100 _aKasaudhan Sapana Au.; Saraswathy K. N. Gu.
_91238262
245 0 _aHypertension and Quality of Life in Rural Punjab, India: An Anthropological Study
260 _c2024
300 _a265p.
650 _aAnthropology
700 _aUniversity of Delhi. Faculty of Science. Deptt. of Anthropology
942 _cTH
999 _c1850433
_d1850433